000 00285cam a22001097a 4500
008 180718b1959 xxu||||| |||| 00| 0 eng d
082 _aA99 Sco84
100 _aScott, Harold
245 _aYour obedient servant
_cby Harold Scott
260 _aLondon
_bAndre Deutsch
_c1959
300 _a192p
999 _c416038
_d416038